Meranie prenosových parametrov optických prvkov

Guardado en:
Detalles Bibliográficos
Autor principal: Poročák, Tomáš, 1987- (Autor)
Otros Autores: Róka, Rastislav, 1972- (Orientador)
Formato: Manuscrito Libro
Lenguaje:eslovaco
Publicado: Bratislava : STU v Bratislave FEI, 2013
Materias:
Acceso en línea:VAIS
Etiquetas: Agregar Etiqueta
Sin Etiquetas, Sea el primero en etiquetar este registro!

MARC

LEADER 00000ntm a22000003a 4500
001 stu270353
005 20150617230233.1
008 130709s2013----xo------------------slo-d
040 |a STU  |b slo 
041 0 |a slo 
044 |a xo 
100 1 |a Poročák, Tomáš,  |d 1987-  |4 aut  |u E  |T FEI Fakulta elektrotechniky a informatiky  |X 35234  |U E  |Y 30  |7 A000035234 
242 0 0 |a Measurement of transmission parameters of optical elements  |y eng 
245 1 |a Meranie prenosových parametrov optických prvkov 
260 |a Bratislava :  |b STU v Bratislave FEI,  |c 2013 
300 |a 79 s  |c DVD 
650 7 |a Telekomunikácie  |2 stusub 
650 7 |a Telecommunications  |2 estusub 
650 7 |a connector  |2 estusub 
650 7 |a welding  |2 estusub 
650 7 |a konektor  |2 stusub 
650 7 |a tlmenie  |2 stusub 
700 1 |a Róka, Rastislav,  |d 1972-  |4 ths  |u E070  |U FEI Fakulta elektrotechniky a informatiky  |T FEI Ústav telekomunikácií  |X 1946  |U E070  |Y 818  |7 A000001946 
856 4 |a info a plný text  |u http://is.stuba.sk/zp/portal_zp.pl?podrobnosti=82094  |3 VAIS 
996 |b 284EP10608  |c E*DIPL-10608  |l EE37  |s P  |a 0  |w stu270353_0001